| 000 | 00708cam a22002655i 4500 | ||
|---|---|---|---|
| 001 | 18332201 | ||
| 003 | OSt | ||
| 005 | 20180116192432.0 | ||
| 008 | 141010s2014 nyu 000 0 eng | ||
| 010 | _a 2014953881 | ||
| 020 | _a9780847841110 | ||
| 040 |
_aDLC _beng _erda _cDLC |
||
| 042 | _apcc | ||
| 082 | _a720.95363 | ||
| 100 | 1 |
_aJodidio, Philip. _98401 |
|
| 245 | 1 | 4 |
_aThe new architecture of Qatar / _cPhilip Jodidio. |
| 260 |
_aNewyork: _bSkira Rizzoli, _c2014. |
||
| 263 | _a1412 | ||
| 300 | _a319p.: | ||
| 650 |
_aArchitecture, Modern _zQatar _98402 |
||
| 650 |
_aArchitecture _98403 |
||
| 906 |
_a0 _bibc _corignew _d2 _eepcn _f20 _gy-gencatlg |
||
| 942 |
_2ddc _cBK |
||
| 999 |
_c354147 _d354147 |
||